000
00304nam a22001457a 4500
008
210511b ||||| |||| 00| 0 eng d
020
_a
0521096928
041
_a
eng
080
_a
591
082
_a
591
100
_a
7
101
_a
ZOO
245
_a
How Animals work
_c
Nielsen,K.S
942
_2
udc
_c
BK
999
_c
57196
_d
57196